Corporate finance in Pakistan : (Record no. 232767)

000 -LEADER
fixed length control field 01106cam a22002654a 4500
001 - CONTROL NUMBER
control field 12136289
003 - CONTROL NUMBER IDENTIFIER
control field Nust
005 - DATE AND TIME OF LATEST TRANSACTION
control field 20170223114124.0
008 - FIXED-LENGTH DATA ELEMENTS--GENERAL INFORMATION
fixed length control field 000809s1999 pk a 000 0 eng
010 ## - LIBRARY OF CONGRESS CONTROL NUMBER
LC control number 00698800
020 ## - INTERNATIONAL STANDARD BOOK NUMBER
International Standard Book Number 0195791479
040 ## - CATALOGING SOURCE
Original cataloging agency DLC
Transcribing agency DLC
Modifying agency DLC
042 ## - AUTHENTICATION CODE
Authentication code pcc
043 ## - GEOGRAPHIC AREA CODE
Geographic area code a-pk---
050 00 - LIBRARY OF CONGRESS CALL NUMBER
Classification number HG5740.5.A3
Item number C67 1999
082 ## - DEWEY DECIMAL CLASSIFICATION NUMBER
Classification number 338.6041095491
245 10 - TITLE STATEMENT
Title Corporate finance in Pakistan :
Remainder of title case studies from an emerging market /
Statement of responsibility, etc. editors, Bashir Ahmad Khan, Syed Mubashir Ali.
260 ## - PUBLICATION, DISTRIBUTION, ETC.
Place of publication, distribution, etc. Lahore, Pakistan :
Name of publisher, distributor, etc. Lahore University of Management Sciences ;
Place of publication, distribution, etc. Oxford ;
-- New York :
Name of publisher, distributor, etc. Oxford University Press,
Date of publication, distribution, etc. 1999.
300 ## - PHYSICAL DESCRIPTION
Extent 345 p. :
Other physical details ill. ;
Dimensions 28 cm.
650 #0 - SUBJECT ADDED ENTRY--TOPICAL TERM
Topical term or geographic name entry element Corporations
Geographic subdivision Pakistan
General subdivision Finance
-- Case studies.
650 #0 - SUBJECT ADDED ENTRY--TOPICAL TERM
Topical term or geographic name entry element Corporations
Geographic subdivision Pakistan
General subdivision Finance.
700 1# - ADDED ENTRY--PERSONAL NAME
Personal name K̲h̲ān, Bashīr Aḥmad.
700 1# - ADDED ENTRY--PERSONAL NAME
Personal name Mubashir Ali, Syed.
856 42 - ELECTRONIC LOCATION AND ACCESS
Materials specified Publisher description
Uniform Resource Identifier <a href="http://www.loc.gov/catdir/enhancements/fy0639/00698800-d.html">http://www.loc.gov/catdir/enhancements/fy0639/00698800-d.html</a>
906 ## - LOCAL DATA ELEMENT F, LDF (RLIN)
a 7
b cbc
c orignew
d 2
e ncip
f 20
g y-gencatlg
942 ## - ADDED ENTRY ELEMENTS (KOHA)
Source of classification or shelving scheme
Koha item type Book
Holdings
Withdrawn status Lost status Source of classification or shelving scheme Damaged status Not for loan Collection code Permanent Location Current Location Shelving location Date acquired Total Checkouts Full call number Barcode Date last seen Price effective from Koha item type Total Renewals Date last checked out
            Central Library (CL) Central Library (CL) General Stacks 02/23/2017   338.6041095491 COR S3H-N-1207 02/23/2017 02/23/2017 Book    
            Central Library (CL) Central Library (CL) General Stacks 02/23/2017 1 338.6041095491 COR S3H-N-1206 09/23/2019 02/23/2017 Book 1 07/27/2019
© 2023 Central Library, National University of Sciences and Technology. All Rights Reserved.